|
|
|
|
| LEADER |
00000nam a22000007a 4500 |
| 005 |
20191009214447.0 |
| 007 |
cr|||| |||| |
| 008 |
191009s2019 ve |||||s|||| 00||0 spa d |
| 020 |
|
|
|a 9786139440207
|
| 035 |
|
|
|a 29633
|
| 040 |
|
|
|a vLex
|
| 090 |
|
|
|c 9756
|d 9756
|
| 100 |
1 |
|
|a Rodriguez de Tescari, Marbella
|
| 245 |
1 |
0 |
|a Acoso Laboral y otras conductas inapropiadas
|h [Recurso electrn̤ico] /
|c Marbella Rodriguez de Tescari
|
| 256 |
|
|
|a Servicio en ln̕ea
|
| 260 |
|
|
|a Caracas:
|b Editorial Acadm̌ica Espaǫla,
|c 2019
|
| 300 |
|
|
|a 1 recurso electrn̤ico
|
| 500 |
|
|
|a El acoso laboral es un fenm̤eno invisibilizado, ignorado y aceptado como un comportamiento normal, donde el acosador premeditadamente, controla y domina a su vc̕tima. La frecuencia y regularidad de estas conductas ilc̕itas, quebranta la dignidad humana, viola los derechos humanos y lesiona la integridad biopsicosocial de la persona trabajadora en la esfera pb︢lica y privada. Este trabajo establece los fundamentos para la identificacin̤, tratamiento y prevencin̤ de este agente peligroso psicosocial, como un instrumento accesible para la poblacin̤ laborante, operadores de justicia y ciudadana̕ en general. A travš del enfoque cualitativo y a la luz del sistema jurd̕ico de Friedman, utilizamos las herramientas de anl̀isis de instrumentos de la doctrina, jurisprudencia y legislacin̤ venezolana e internacional, as ̕como la opinin̤ de expertos jurd̕icos e interdisciplinarios en el r̀ea de seguridad y salud ocupacional, produciendo importantes aportes como el Test de Acoso Laboral (TAL), la Inversin̤ de la Carga de la Prueba (ICP), y el Protocolo para Prevenir, Detectar y Actuar ante el acoso laboral, hostigamiento sexual, acoso sexual y otras conductas inapropiadas en el trabajo.
|
| 506 |
1 |
|
|a Disponible solo en los productos indicados
|d vLex Global
|d vLex Global (Academic Edition, excluding Law Schools)
|d vLex Global (U.S. Academic Edition, Law Schools)
|d vLex Global (U.S. Academic Edition, excluding Law Schools)
|d vLex Global (Academic Edition, Law Schools)
|
| 650 |
0 |
4 |
|a Derecho Laboral y Seguridad Social
|z Venezuela
|
| 740 |
0 |
|
|a vLex Libros (Servicio en ln̕ea)
|
| 856 |
4 |
0 |
|u http://vlex.com/source/29633
|z Acceso restringido
|
| 942 |
|
|
|c BOOK
|
| 999 |
0 |
|
|a Labor law and social security
|